Football en 20 GIFS #8 - Qui marque le but ? - Statistiques

Statistiques générales
  • Ce quiz a été pris 51 fois
  • Le résultat moyen est 9 sur 20
Statistiques - réponses
Hint Réponse % Correct
Diego Milito
93%
Gervinho
90%
Gerard Deulofeu
73%
Stefan Kießling
65%
Lars Ricken
53%
Yassine Benzia
53%
Steve McManaman
50%
Bebeto
45%
Eric Mouloungui
45%
Samuel Eto'o
38%
Robert Prosinečki
35%
Mário Jardel
33%
Zlatko Zahovič
30%
Gonzalo 'Chori' Chory Castro
28%
Ivan Santini
28%
Cyrille Watier
25%
Johan Micoud
25%
Mickaël Dogbé
25%
Matías Almeyda
23%
Zico
20%
Aucun quiz correspondant
Distribution des résultats
% des personnes avec chaque résultat
Percentile par nombre de réponses
Votre historique - résultats
Vous n’avez pas pris ce quiz